000 01032nam a2200277 i 4500
001 000026302
003 DO-SdBNP
005 20260604232536.0
007 ta
008 110310s1991 dr 000 0 spa d
040 _aDO-SdBNP
_bspa
_cBNPHU
_erda
082 4 _a325.264907293
_bD325e
_222
100 1 _4aut.
_aDeive, Carlos Esteban,
_d1935-2019
_91916
_eautor
245 1 4 _aLas emigraciones Canarias a Santo Domingo :
_b(siglos XVII y XVIII) /
_cCarlos Esteban Deive.
264 1 _aSanto Domingo :
_bFundación Cultural Dominicana,
_c1991.
300 _a185 páginas
_c21 cm
336 _atexto
_btxt
_2rdacontent
337 _asin mediación
_bn
_2rdamedia
338 _avolumen
_bnc
_2rdacarrier
500 _aIncluye referencia bibliográfica y notas al pie de páginas.
504 _aBibliografías p. 187
590 _aInventariado, 2020 / DG
651 7 _2Librunam
_aIslas Canarias
_xEmigración e inmigración
_ySiglo VII
_ySiglo XIII
_zRepública Dominicana
_989872
910 _aInventariado, 2020 / DG
942 _2ddc
_cLFDS
999 _c25794
_d25794